Normal view MARC view
  • Derecho civil

Entry Materia

Number of records used in: 4

001 - NÚMERO DE CONTROL DEL REGISTRO

  • campo de control: 13271

003 - IDENTIFICADOR DE NUMERO DE CONTROL

  • campo de control: MX-MxUPN

005 - FECHA Y HORA DE LA ÚLTIMA TRANSACCIÓN

  • campo de control: 20240826214808.0

008 - DATOS DE LONGITUD FIJA

  • campo de control de longitud fija: 240826nn fnnnnbabn b ana |d

035 ## - NÚMERO DE CONTROL DEL SISTEMA

  • Número de control del sistema: UPN10000013279

040 ## - FUENTE DE LA CATALOGACIÓN

  • Centro catalogador de origen: MX-MxUPN
  • Lengua de catalogación: spa

053 #4 - NÚMERO CLASIFICADOR - BIBLIOTECA DEL CONGRESO (LC)

  • Elemento numérico de la clasificación - Número único o no. inicial del rango: KGF7611

150 ## - ENCABEZAMIENTO - TEMÁTICO

  • Término de materia o nombre geográfico como elemento inicial: Derecho civil
  • Subdivisión geográfica: Distrito Federal (México)

450 ## - VÉASE - MATERIA

  • Encabezamiento temático: Derecho civil
  • Subdivisión geográfica: México (D.F.)
  • Subcampo de control: nno

670 ## - FUENTE EN LA QUE SE LOCALIZARON DATOS

  • Cita de la fuente: Autoridades BGTQ, 26 agosto 2024 :
  • Información localizada: (Derecho civil -- Distrito Federal (México))

902 ## - CATALOGADOR

  • Catalogador: CAA/270300
  • Catalogador: VíctorGodínez/260824